Der kartographische Blick
| Contributors: | |
|---|---|
| Format: | Print Book |
| Language: | German |
| Subito Delivery Service: | Order now. |
| Check availability: | HBZ Gateway |
| WorldCat: | WorldCat |
| Interlibrary Loan: | Interlibrary Loan for the Fachinformationsdienste (Specialized Information Services in Germany) |
| Published: |
Münster Hamburg
Lit
2006
|
| In: |
Kultur: Forschung und Wissenschaft (6)
Year: 2006 |
| Series/Journal: | Kultur: Forschung und Wissenschaft
6 |
| Standardized Subjects / Keyword chains: | B
Cartography
/ Art
|
| Further subjects: | B
Exhibition catalog
B Collection of essays B Conference program |
| Online Access: |
Table of Contents |
MARC
| LEADER | 00000cam a2200000 c 4500 | ||
|---|---|---|---|
| 001 | 517429047 | ||
| 003 | DE-627 | ||
| 005 | 20251223212157.0 | ||
| 007 | tu | ||
| 008 | 060913s2006 gw ||||| c 00| ||ger c | ||
| 015 | |a 06,N39,1405 |2 dnb | ||
| 015 | |a 06,N39,1405 |2 dnb | ||
| 016 | 7 | |a 981107796 |2 DE-101 | |
| 020 | |a 3825898792 |9 3-8258-9879-2 | ||
| 020 | |a 9783825898793 |c Pb. : EUR 24.90, sfr 37.90 |9 978-3-8258-9879-3 | ||
| 020 | |z 9783825898792 | ||
| 024 | 3 | |a 9783825898793 | |
| 035 | |a (DE-627)517429047 | ||
| 035 | |a (DE-576)261784072 | ||
| 035 | |a (DE-599)DNB981107796 | ||
| 035 | |a (OCoLC)180143493 | ||
| 035 | |a (OCoLC)180143493 | ||
| 035 | |a (DE-604)BV022378121 | ||
| 040 | |a DE-627 |b ger |c DE-627 |e rakwb | ||
| 041 | |a ger | ||
| 044 | |c XA-DE-NW |c XA-DE-HH | ||
| 082 | 0 | |a 910 | |
| 082 | 0 | |a 526.01 |q OCLC | |
| 082 | 0 | 4 | |a 520 |a 700 |
| 082 | 0 | 4 | |a 910 |
| 084 | |a 14,1 |2 ssgn | ||
| 084 | |a 1 |2 ssgn | ||
| 084 | |a ZI 9700 |2 rvk |0 (DE-625)rvk/156723: | ||
| 084 | |a EC 5410 |2 rvk |0 (DE-625)rvk/20606: | ||
| 084 | |a RB 10214 |2 rvk |0 (DE-625)rvk/142220:12660 | ||
| 084 | |a 17.90 |2 bkl | ||
| 084 | |a 20.06 |2 bkl | ||
| 084 | |a 74.49 |2 bkl | ||
| 191 | |a 1 | ||
| 245 | 0 | 4 | |a Der kartographische Blick |c Lutz Hieber ... (Hg.) |
| 264 | 1 | |a Münster |a Hamburg |b Lit |c 2006 | |
| 300 | |a 213 S. |b Ill., graph. Darst. |c 210 mm x 147 mm | ||
| 336 | |a Text |b txt |2 rdacontent | ||
| 337 | |a ohne Hilfsmittel zu benutzen |b n |2 rdamedia | ||
| 338 | |a Band |b nc |2 rdacarrier | ||
| 490 | 1 | |a Kultur: Forschung und Wissenschaft |v 6 | |
| 500 | |a Literaturverz. S. 209 | ||
| 655 | 7 | |a Ausstellungskatalog |0 (DE-588)4135467-9 |0 (DE-627)10566491X |0 (DE-576)209660988 |2 gnd-content | |
| 655 | 7 | |a Konferenzschrift |0 (DE-588)1071861417 |0 (DE-627)826484824 |0 (DE-576)433375485 |2 gnd-content | |
| 655 | 7 | |a Aufsatzsammlung |0 (DE-588)4143413-4 |0 (DE-627)105605727 |0 (DE-576)209726091 |2 gnd-content | |
| 689 | 0 | 0 | |d s |0 (DE-588)4029823-1 |0 (DE-627)106272748 |0 (DE-576)208984313 |2 gnd |a Kartografie |
| 689 | 0 | 1 | |d s |0 (DE-588)4114333-4 |0 (DE-627)105822957 |0 (DE-576)209483733 |2 gnd |a Kunst |
| 689 | 0 | |5 DE-101 | |
| 700 | 1 | |e Hrsg. |0 (DE-588)108125157 |0 (DE-627)501461264 |0 (DE-576)161417973 |4 edt |a Hieber, Lutz |d 1944- | |
| 830 | 0 | |a Kultur: Forschung und Wissenschaft |v 6 |9 6 |w (DE-627)492657416 |w (DE-576)116017295 |w (DE-600)2195515-3 |7 am | |
| 856 | 4 | 2 | |u https://swbplus.bsz-bw.de/bsz261784072inh.htm |m V:DE-576 |q application/pdf |v 2007-06-14 |3 Inhaltsverzeichnis |7 1 |
| 935 | |a mteo | ||
| 935 | |i Blocktest | ||
| 936 | r | v | |a ZI 9700 |b Allgemeines |k Technik |k Bauingenieurwesen |k Geodäsie, Vermessung |k Kartographie |k Allgemeines |0 (DE-627)1270789252 |0 (DE-625)rvk/156723: |0 (DE-576)200789252 |
| 936 | r | v | |a EC 5410 |b Einzelne Stoffe und Motive |k Allgemeine und vergleichende Sprach- und Literaturwissenschaft. Indogermanistik. Außereuropäische Sprachen und Literaturen |k Allgemeine und vergleichende Literaturwissenschaft. |k Literaturgeschichte |k Stoff- und Motivgeschichte |k Einzelne Stoffe und Motive |0 (DE-627)1270710796 |0 (DE-625)rvk/20606: |0 (DE-576)200710796 |
| 936 | r | v | |a RB 10214 |b Teilgebiete und Einzelfragen |k Geografie |k Nicht regional gebundene Darstellungen |k Allgemeine Geografie |k Mathematische Geografie und Physiogeografie |k Mathematische Geografie und Kartografie |k Kartografie |k Teilgebiete und Einzelfragen |0 (DE-627)1271502976 |0 (DE-625)rvk/142220:12660 |0 (DE-576)201502976 |
| 936 | b | k | |a 17.90 |j Literatur in Beziehung zu anderen Bereichen von Wissenschaft und Kultur |0 (DE-627)106404385 |
| 936 | b | k | |a 20.06 |j Kunstphilosophie |j Kunsttheorie |0 (DE-627)10641433X |
| 936 | b | k | |a 74.49 |j Kartographie: Sonstiges |0 (DE-627)106411926 |
| 951 | |a BO | ||
| ACO | |a 1 | ||
| ELC | |b 1 | ||
| ITA | |a 1 | ||
| LOK | |0 000 xxxxxcx a22 zn 4500 | ||
| LOK | |0 001 3098051256 | ||
| LOK | |0 003 DE-627 | ||
| LOK | |0 004 517429047 | ||
| LOK | |0 005 20080226111916 | ||
| LOK | |0 008 080226||||||||||||||||ger||||||| | ||
| LOK | |0 040 |a DE-21-52 |c DE-627 |d DE-21-52 | ||
| LOK | |0 541 |e 08/56 | ||
| LOK | |0 689 |a s |0 1347635165 |a Kartographie | ||
| LOK | |0 689 |a s |0 1310811873 |a Kunst | ||
| LOK | |0 852 |a DE-21-52 | ||
| LOK | |0 852 1 |c Mc 94 |m p |9 00 | ||
| LOK | |0 938 |k p | ||
| LOK | |0 939 |a 26-02-08 |b l01 | ||
| LOK | |0 000 xxxxxcx a22 zn 4500 | ||
| LOK | |0 001 3098051264 | ||
| LOK | |0 003 DE-627 | ||
| LOK | |0 004 517429047 | ||
| LOK | |0 005 20090708151921 | ||
| LOK | |0 008 090708||||||||||||||||ger||||||| | ||
| LOK | |0 040 |a DE-21-31 |c DE-627 |d DE-21-31 | ||
| LOK | |0 541 |e 09/809 | ||
| LOK | |0 852 |a DE-21-31 | ||
| LOK | |0 852 1 |c Em II 50 |m p |9 00 | ||
| LOK | |0 938 |a 0907 |f E5 | ||
| LOK | |0 938 |k p | ||
| LOK | |0 939 |a 08-07-09 |b l01 | ||
| ORI | |a SA-MARC-ixtheoa001.raw | ||
| REL | |a 1 | ||
| STA | 0 | 0 | |a Art,Art,Visual art,Cartography,Cartography in art,Cartography in literature |
| STB | 0 | 0 | |a Art,Art,Cartographie,Cartographie et art |
| STC | 0 | 0 | |a Arte,Arte,Cartografía |
| STD | 0 | 0 | |a Arte,Arte,Cartografia |
| STE | 0 | 0 | |a 地图学,制图学,艺术 |
| STF | 0 | 0 | |a 地圖學,製圖學,藝術 |
| STG | 0 | 0 | |a Arte,Arte,Cartografia |
| STH | 0 | 0 | |a Искусство (мотив),Искусство,Картография |
| STI | 0 | 0 | |a Τέχνη (μοτίβο),Τέχνη,Χαρτογραφία |
| SUB | |a REL | ||
| SYG | 0 | 0 | |a Kartographie,Kartenkunde , Bildende Kunst,Kunstdenkmal |



